[Event "7th Univ Cent Open 2013"]
[Site "Bogota COL"]
[Date "2013.10.10"]
[Round "1.33"]
[White "Lizarazo,J"]
[Black "Sosa Florez,Juan Sebastian"]
[Result "1-0"]
[WhiteElo "2112"]
[BlackElo "1765"]

1.e4 c5 2.Nc3 Nc6 3.Nf3 d6 4.Bc4 e6 5.d3 Nge7 6.O-O g6 7.Bg5 Bg7 8.Qd2 O-O
9.h3 b6 10.Bh6 Bb7 11.Nh2 Nd4 12.Ng4 Nec6 13.Bxg7 Kxg7 14.Qh6+ Kg8 15.f4 Na5
16.f5 Nxc4 17.f6  1-0

[Event "Chigorin Memorial"]
[Site "St Petersburg RUS"]
[Date "2013.10.10"]
[Round "6.20"]
[White "Al Modiahki,M"]
[Black "Pasiev,R"]
[Result "1/2-1/2"]
[WhiteElo "2568"]
[BlackElo "2385"]

1.e4 c5 2.Nc3 Nc6 3.Nf3 g6 4.Bb5 Bg7 5.O-O Nd4 6.Bc4 d6 7.d3 Nf6 8.Nxd4 cxd4
9.Ne2 d5 10.Bb5+ Bd7 11.Bxd7+ Nxd7 12.exd5 Nb6 13.c4 dxc3 14.Nxc3 O-O 15.Qb3 Bxc3
16.bxc3 Qxd5 17.c4 Qd7 18.Be3 Rfd8 19.Rfd1 Qc6 20.a4 Nd7 21.d4 Rac8 22.Rdc1 Nb6
23.d5 Qc7 24.Rab1 Nxc4 25.Qxb7 Qxb7 26.Rxb7 Rxd5 27.h4 a5 28.Rxe7 Rdd8 29.Bg5 h5
30.Rxf7 Kxf7 31.Bxd8 Rxd8 32.Rxc4 Rb8 33.Rc7+ Kf6 34.Rc6+ Kg7 35.Rc5 Rb1+
36.Kh2 Rb4 37.Rxa5 Rxh4+ 38.Kg3 Rb4 39.Ra8 Kh7 40.f4 Kg7 41.a5 Ra4 42.a6 Kh7
43.Ra7+ Kh6 44.Kf3 Ra2 45.Ra8 Kh7 46.a7 Kg7 47.Kg3 Ra4 48.Kh3 Kh7 49.g3 Kg7
50.Kg2 Ra3 51.Kf2 Kh7 52.Ke2 Kg7 53.Kd2 Kh7 54.Kc2 Kg7 55.Kb2 Ra6 56.Kb3 Ra1
57.Kc4 Rc1+ 58.Kd4 Rd1+ 59.Ke3 Ra1 60.Kf3 Ra3+ 61.Kg2 Ra2+ 62.Kh3 Ra4 63.Kh2 Ra5
64.Kh3 Ra4 65.Kg2 Ra2+ 66.Kh3 Ra4  1/2-1/2

[Event "Chigorin Memorial"]
[Site "St Petersburg RUS"]
[Date "2013.10.10"]
[Round "6.86"]
[White "Drachev,Oleg"]
[Black "Kopasov,E"]
[Result "1-0"]
[WhiteElo "2176"]
[BlackElo "1975"]

1.e4 c5 2.Nf3 Nc6 3.Nc3 e5 4.Bc4 Be7 5.d3 d6 6.Nd2 Nf6 7.Nf1 Bg4 8.f3 Be6
9.Ne3 O-O 10.O-O a6 11.a4 Nb4 12.Bd5 Nbxd5 13.exd5 Bd7 14.a5 b5 15.axb6 Qxb6
16.Nc4 Qb7 17.f4 exf4 18.Bxf4 Ne8 19.Qf3 Bb5 20.Na5 Qb6 21.Ne4 Nf6 22.c4 Bd7
23.b3 Nxe4 24.dxe4 Bf6 25.Ra2 Bd4+ 26.Kh1 Rae8 27.g4 f6 28.Bd2 Re5 29.Be1 Rfe8
30.Re2 Qd8 31.b4 Qe7 32.Bg3 Rg5 33.h3 cxb4 34.Bf4 Rg6 35.Qg3 f5 36.Nb7 Bc5
37.e5 fxg4 38.e6 gxh3 39.exd7 Qxd7 40.Nxc5 dxc5 41.Rxe8+ Qxe8 42.Qe3 Qd7
43.Re1 h6 44.Qe8+ Qxe8 45.Rxe8+ Kf7 46.Re4 Rb6 47.Bc7 Rb7 48.d6 b3 49.Re7+ Kg6
50.Re1 b2 51.Rb1 Rb4 52.d7 Rxc4 53.Rxb2  1-0

[Event "7th Univ Cent Open 2013"]
[Site "Bogota COL"]
[Date "2013.10.11"]
[Round "3.65"]
[White "Celis Vargas,Walter Enrique"]
[Black "Pina Vega,S"]
[Result "0-1"]
[WhiteElo "1678"]
[BlackElo "2298"]

1.e4 c5 2.Nc3 Nc6 3.Bb5 Nd4 4.Bc4 e6 5.Nge2 Ne7 6.O-O Nec6 7.a4 Be7 8.d3 O-O
9.Be3 a6 10.Qd2 Rb8 11.f4 b5 12.axb5 Nxe2+ 13.Qxe2 axb5 14.Ba2 Nb4 15.Bb3 d5
16.exd5 exd5 17.Na2 c4 18.Nxb4 Bxb4 19.dxc4 dxc4 20.Ba2 Re8 21.Qf2 Bf5 22.c3 Ba5
23.Rfd1 Bd3 24.Kh1 Bb6 25.Bxb6 Qxb6 26.Qxb6 Rxb6 27.Bb1 Rd6 28.Kg1 g6 29.b3 Re4
30.g3 Re2 31.bxc4 bxc4 32.Ra4 Kg7 33.Ba2 Rb6 34.Bxc4 Bxc4 35.Rxc4 Rbb2 36.Rcd4 Rg2+
37.Kf1 Rxh2 38.Kg1 Rbg2+ 39.Kf1 Rxg3 40.c4 h5 41.c5 Rc2 42.Ke1 h4 43.f5 Rcg2
44.Kf1 h3 45.f6+ Kh6  0-1

[Event "7th Univ Cent Open 2013"]
[Site "Bogota COL"]
[Date "2013.10.11"]
[Round "4.25"]
[White "Ruiz Aguilar,P"]
[Black "Abril,M"]
[Result "1-0"]
[WhiteElo "2239"]
[BlackElo "2005"]

1.e4 c5 2.Nf3 Nc6 3.Nc3 e5 4.Bc4 Be7 5.d3 Nf6 6.Ng5 O-O 7.f4 d5 8.exd5 Nd4
9.O-O Bg4 10.Qd2 Nd7 11.d6 Bxg5 12.fxg5 Nb6 13.Nd5 Nxc4 14.dxc4 Bf5 15.Nf6+ gxf6
16.c3 Ne6 17.Rxf5 Nxg5 18.Qd5 Ne6 19.Bh6 Qd7 20.Rxf6 b5  1-0

[Event "63rd ch-RUS w 2013"]
[Site "Nizhny Novgorod RUS"]
[Date "2013.10.11"]
[Round "6.5"]
[White "Charochkina,D"]
[Black "Kovalevskaya,E"]
[Result "0-1"]
[WhiteElo "2343"]
[BlackElo "2410"]

1.e4 c5 2.Nc3 Nc6 3.Nge2 d6 4.d4 cxd4 5.Nxd4 Nf6 6.Bg5 e6 7.Qd2 Be7 8.O-O-O O-O
9.f4 h6 10.Bh4 Nxd4 11.Qxd4 Qa5 12.Bc4 e5 13.fxe5 dxe5 14.Qd3 b5 15.Bxb5 Rb8
16.Bc4 Bg4 17.Bxf6 Bxf6 18.Rdf1 Be6 19.Nd5 Bxd5 20.Bxd5 Qb4 21.Bb3 Rfd8 22.Qc4 Qd2+
23.Kb1 Rd7 24.h4 Rbd8 25.a3 Qxg2 26.Rhg1 Qh2 27.Qa6 Kh7 28.Rh1 Qd2 29.Bd5 Rc7
30.Qa4 Rb8 31.Rh3 Qd4 32.Qxd4 exd4 33.Rd3 Bxh4 34.Rxd4 Bf6 35.Rb4 Rxb4 36.axb4 h5
37.c4 h4 38.Rf5 Kg6 39.c5 Bd4 40.Bc4 h3 41.Be2 h2 42.Rh5 Be5 43.Kc2 a5 44.Kb3 axb4
45.Kc4 Rd7 46.c6 Rd2 47.Bg4 Rg2 48.Rh4 Rxg4 49.Rxg4+ Kh5 50.c7 h1=Q  0-1

[Event "Chinese Teams 2013"]
[Site "Qingdao CHN"]
[Date "2013.10.11"]
[Round "12.6"]
[White "Zhao Jun"]
[Black "Lin Weiguo"]
[Result "1-0"]
[WhiteElo "2592"]
[BlackElo "2447"]

1.e4 c5 2.Nc3 Nc6 3.Bb5 g6 4.Bxc6 dxc6 5.d3 Bg7 6.Be3 b6 7.Qd2 h5 8.f4 Nf6
9.h3 a5 10.Nf3 Ba6 11.O-O Qc7 12.Qf2 Qb7 13.a3 c4 14.d4 b5 15.Ng5 O-O 16.f5 b4
17.Ne2 c3 18.bxc3 bxc3 19.Rfb1 Qd7 20.Nxc3 gxf5 21.e5 Nd5 22.Nxd5 cxd5 23.Rb6 Rfb8
24.e6 fxe6 25.Rxe6 Rf8 26.Bf4 Rf6 27.Rae1 Rxe6 28.Nxe6 Bf6 29.Bg5 Bc8 30.Bxf6 exf6
31.Qg3+ Kh8 32.Nf4 Ra7 33.Ng6+ Kg8 34.Ne7+  1-0

[Event "TCh-ISL Div1 2013-14"]
[Site "Reykjavik ISL"]
[Date "2013.10.11"]
[Round "2.1"]
[White "Bergsson,St"]
[Black "Hardarson,Jon Trausti"]
[Result "0-1"]
[WhiteElo "2123"]
[BlackElo "1930"]

1.e4 c5 2.Nc3 Nc6 3.Bb5 Nd4 4.Bc4 g6 5.Nf3 Bg7 6.Nxd4 cxd4 7.Qf3 e6 8.Nb5 d6
9.Qa3 Ke7 10.c3 dxc3 11.dxc3 a6 12.Nd4 Qc7 13.Bd3 Qc5 14.b4 Qc7 15.O-O Nf6
16.Bg5 Re8 17.Rae1 Kf8 18.f4 Bd7 19.Rf3 Rac8 20.Bb1 Qb6 21.Kh1 Rc4 22.Qb3 Rec8
23.f5 gxf5 24.exf5 e5 25.Ne6+ fxe6 26.fxe6 Bxe6 27.Bxf6 Bxf6 28.Rxf6+ Ke7
29.Ref1 e4 30.Rxe6+ Kxe6 31.Bxe4 Ke5 32.Rf5+ Ke6 33.Qd1 Rxe4 34.Qd5+ Kd7
35.Qxe4 Re8 36.Rf7+ Kd8 37.Qb1 Qe3 38.h3 Qxc3 39.Qf5 Qc6 40.Rxh7 d5 41.a4 Qd6
42.Qb1 Qg3 43.Rd7+ Kxd7 44.Qf5+ Re6 45.Qxd5+ Qd6 46.Qxb7+ Ke8 47.Qc8+ Ke7
48.Qc3 Qd1+ 49.Kh2 Qxa4 50.h4 Qc6 51.Qg7+ Kd6 52.Qf8+ Kd7 53.Qf7+ Re7 54.Qf5+ Qe6
55.Qf8 Qd6+  0-1

[Event "TCh-ISL Div1 2013-14"]
[Site "Reykjavik ISL"]
[Date "2013.10.12"]
[Round "3.3"]
[White "Briem,S"]
[Black "Van Kampen,R"]
[Result "0-1"]
[WhiteElo "2156"]
[BlackElo "2607"]

1.e4 c5 2.Nc3 Nc6 3.Nf3 e6 4.Bb5 Nge7 5.O-O a6 6.Bxc6 Nxc6 7.d3 Be7 8.a4 O-O
9.Ne2 d5 10.Kh1 b6 11.Bf4 Bb7 12.exd5 Qxd5 13.Nc3 Qf5 14.Bc7 Nd4 15.Ng1 e5
16.f3 Qe6 17.a5 b5 18.Bb6 Rac8 19.Nce2 Nf5 20.Qd2 Qg6 21.Nh3 Bd6 22.Rae1 h6
23.Nc3 Rfe8 24.Ne4 Be7 25.Qf2 c4 26.dxc4 Rxc4 27.c3 Bxe4 28.Rxe4 Rxe4 29.fxe4 Nd6
30.Ng1 Nxe4 31.Qe2 Bc5 32.Nf3 Ng3+ 33.hxg3 Qh5+ 34.Nh2 Qxe2 35.Bxc5 Qxb2
36.Bb4 e4  0-1

[Event "TCh-ISL Div1 2013-14"]
[Site "Reykjavik ISL"]
[Date "2013.10.12"]
[Round "4.1"]
[White "Bergsson,St"]
[Black "Kristinsson,Ba"]
[Result "0-1"]
[WhiteElo "2123"]
[BlackElo "2167"]

1.e4 c5 2.Nc3 Nc6 3.Bb5 Nd4 4.Bc4 g6 5.Nf3 Bg7 6.Nxd4 Bxd4 7.Nb5 Be5 8.f4 Bg7
9.O-O a6 10.Nc3 e6 11.f5 gxf5 12.exf5 d5 13.Qg4 Bd4+ 14.Kh1 dxc4 15.d3 exf5
16.Re1+ Be6 17.Qxf5 Ne7 18.Qh5 Qd7 19.Ne4 O-O-O 20.c3 Bg4 21.Qxf7 Rhf8 22.Qxc4 Be6
23.Nxc5 Bxc4 24.Nxd7 Rxd7 25.dxc4 Bg7 26.Be3 Nc6 27.Bc5 Rf5 28.Bb6 Re5 29.Rf1 Re2
30.b4 Bxc3 31.b5 Bxa1 32.bxc6 bxc6 33.Rxa1 Rdd2 34.a4 Rxg2 35.Bg1 Rg4 36.c5 Rc2
37.a5 Rcc4 38.h3 Rg3 39.Rf1 Rxh3+ 40.Kg2 Rd3 41.Rf8+ Kd7 42.Rf7+ Ke6 43.Rxh7 Rc2+
44.Kh1 Rd1 45.Rh6+ Kf5 46.Rxc6 Rcc1 47.Rxa6 Rxg1+ 48.Kh2 Rg6 49.Ra8 Rxc5
50.a6 Ke4 51.Re8+ Kd4 52.Rd8+ Kc4 53.Rh8 Rxa6 54.Rh4+ Kb3 55.Kg3 Ra4 56.Rh7 Rc3+  0-1

[Event "4th Continental Class 2013"]
[Site "Arlington USA"]
[Date "2013.10.13"]
[Round "7.14"]
[White "Nieto,G"]
[Black "Gedajlovic,Max"]
[Result "1-0"]
[WhiteElo "1978"]
[BlackElo "1934"]

1.e4 c5 2.Nc3 Nc6 3.Bb5 Nd4 4.Nf3 Nxb5 5.Nxb5 g6 6.d4 Bg7 7.e5 a6 8.Nc3 cxd4
9.Qxd4 d6 10.O-O Be6 11.Bf4 dxe5 12.Bxe5 Qxd4 13.Bxd4 Bxd4 14.Nxd4 Bd7 15.Nd5 O-O-O
16.c4 e6 17.Nb6+ Kc7 18.c5 Bc6 19.Nxc6 Kxc6 20.Rfd1 Nh6 21.b4 Kc7 22.f3 Rxd1+
23.Rxd1 Rd8 24.Rxd8 Kxd8 25.Kf2 Kc7 26.Ke3 Kc6 27.Ke4 f6 28.Kd3 Nf5 29.g3 h6
30.a3 h5 31.Na4 Ne7 32.Nc3 g5 33.Kc4 Nf5 34.Kd3 Ne7 35.Ke4 a5 36.f4 gxf4
37.gxf4 axb4 38.axb4 Nd5 39.Nxd5 exd5+ 40.Kd4 f5 41.Ke5 Kb5 42.Kxd5 Kxb4
43.h4 Kb5 44.Kd4 Kb4 45.Kd5 Kb5 46.Ke5 Kxc5 47.Kxf5 Kd5 48.Kg6 b5 49.f5 b4
50.f6 b3 51.f7 b2 52.f8=Q b1=Q+ 53.Kxh5 Ke6 54.Qh6+ Kf7 55.Qf4+ Kg7 56.Qc7+ Kf6
57.Qd6+ Kf7 58.Qf4+ Ke6 59.Kh6 Qf5 60.Qc4+ Kf6 61.Qc6+ Kf7 62.Qc7+ Ke6 63.Qc8+ Kf6
64.Qf8+ Ke6 65.Qe8+ Kf6 66.Qh8+ Ke6 67.Qg8+ Ke7 68.Qg7+ Ke8 69.h5 Qf7 70.Qh8+ Qf8+
71.Qg7 Qf7 72.Qe5+ Kd7 73.Qd4+ Ke6 74.Qc4+ Kf6 75.Qc6+ Ke7 76.Qc7+ Ke6 77.Qb6+ Ke7
78.Qg6 Qf4+ 79.Kh7 Qf7+ 80.Qg7 Ke8 81.h6 Qf5+ 82.Qg6+ Qf7+ 83.Qg7 Qf5+ 84.Kg8 Qd5+
85.Kh8 Qd6 86.Qg8+ Qf8 87.Kh7 Ke7 88.Qg5+ Kf7 89.Qd5+ Kf6 90.Qf3+ Ke7 91.Qe4+ Kf6
92.Qf4+ Ke7 93.Qe5+ Kf7 94.Qd5+ Kf6 95.Qc6+ Kf7 96.Qd7+ Kf6 97.Qg7+  1-0

[Event "63rd ch-RUS w 2013"]
[Site "Nizhny Novgorod RUS"]
[Date "2013.10.13"]
[Round "8.4"]
[White "Charochkina,D"]
[Black "Goryachkina,A"]
[Result "1/2-1/2"]
[WhiteElo "2343"]
[BlackElo "2436"]

1.e4 c5 2.Nc3 Nc6 3.Nge2 e5 4.Nd5 Be7 5.Nec3 Nf6 6.Bc4 d6 7.O-O Nxd5 8.Nxd5 O-O
9.d3 Rb8 10.a4 Be6 11.f4 exf4 12.Bxf4 Bg5 13.Qh5 h6 14.h3 Bxf4 15.Rxf4 Qg5
16.Qxg5 hxg5 17.Rf2 Kh7 18.Ne3 Ne5 19.Bd5 Ng6 20.g3 Bxd5 21.Nxd5 Ne5 22.Kg2 f6
23.h4 Ng4 24.Rf3 gxh4 25.Rh1 Ne5 26.Rxh4+ Kg6 27.Rf1 Rh8 28.Ne7+ Kf7 29.Rxh8 Rxh8
30.Nf5 Rd8 31.Rh1 g6 32.Ne3 Kg7 33.Nd5 Rd7 34.Kf2 Rf7 35.Ne3 Nc6 36.c3 Ne7
37.Nc4 Nc8 38.d4 f5 39.e5 cxd4 40.cxd4 dxe5 41.dxe5 Rc7 42.b3 Rd7 43.Rc1 Kf7
44.Ke3 Ne7 45.Rh1 Ke6 46.Rh8 Nd5+ 47.Kf3 Ne7 48.Ke2 Nc6 49.Rg8 Nd4+ 50.Ke3 Kf7
51.Ra8 Nxb3 52.Rxa7 Nc5 53.Ra5 Ne4 54.Rb5 Nc3 55.Ra5 Ne4 56.g4 Nc3 57.gxf5 gxf5
58.Ra8 Ke6 59.Re8+ Re7 60.Rd8 Rd7 61.Re8+ Re7  1/2-1/2

[Event "Chigorin Memorial"]
[Site "St Petersburg RUS"]
[Date "2013.10.13"]
[Round "9.47"]
[White "Vavulin,M"]
[Black "Hairapetian,A"]
[Result "1/2-1/2"]
[WhiteElo "2377"]
[BlackElo "2227"]

1.e4 c5 2.Nf3 Nc6 3.Nc3 Nf6 4.d4 cxd4 5.Nxd4 e5 6.Ndb5 d6 7.Bg5 a6 8.Na3 b5
9.Bxf6 gxf6 10.Nd5 Be6 11.c3 Bg7 12.Nc2 O-O 13.Nce3 Ne7 14.Bd3 Bxd5 15.exd5 f5
16.Bxf5 Nxf5 17.Nxf5 Qg5 18.Qf3 e4 19.Qh3 b4 20.O-O bxc3 21.bxc3 Rac8 22.Rac1 Be5
23.c4 Rc5 24.Rc2 Rfc8 25.f4 exf3 26.Rxf3 h5 27.Ne3 Rb8 28.Rf5 Qg6 29.Qh4 Bg7
30.Rg5 Qd3 31.Qg3 Rb1+ 32.Kf2 Qd4 33.Rxh5 Ra5 34.Rh4 Qd3 35.Rg4 Rf1+ 36.Nxf1 Qxc2+
37.Kg1 Qb2 38.Re4 Rxa2 39.Re8+ Kh7 40.Qd3+ Kh6 41.Qh3+ Kg6 42.g4 Bh6 43.Qg3 Bf4
44.Qh3  1/2-1/2

[Event "Chigorin Memorial"]
[Site "St Petersburg RUS"]
[Date "2013.10.13"]
[Round "9.59"]
[White "Emdin,M"]
[Black "Shuraev,A"]
[Result "0-1"]
[WhiteElo "2177"]
[BlackElo "2351"]

1.e4 c5 2.Nc3 Nc6 3.Bb5 Nd4 4.Bc4 e6 5.Nge2 Ne7 6.Nxd4 cxd4 7.Ne2 Nc6 8.d3 a6
9.O-O Bc5 10.Bb3 Na5 11.f4 d5 12.e5 g6 13.Kh1 Bd7 14.Bd2 Rc8 15.Be1 Nc6 16.Ng1 b5
17.Nf3 Qb6 18.Bf2 Ne7 19.Qe2 h5 20.a4 Nf5 21.Nh4 Ne3 22.Bxe3 dxe3 23.c3 d4
24.Nf3 O-O 25.Ng5 Be7 26.Ne4 Bc6 27.axb5 axb5 28.cxd4 Qxd4 29.Rae1 Bxe4 30.dxe4 Bc5
31.f5 Qxe5 32.Qxb5 Rb8 33.Qc4 Bd6 34.g3 Rfc8 35.Qd3 Rxb3 36.Qxb3 Qxe4+ 37.Kg1 Rc2
38.Rf3 Bc5 39.Qb8+ Kg7 40.Qf4 exf5  0-1

[Event "12th Istanbul Open A 2013"]
[Site "Istanbul TUR"]
[Date "2013.10.14"]
[Round "4.16"]
[White "Yavuz,Mustafa"]
[Black "Erdogdu,Muammer Mustafa"]
[Result "0-1"]
[WhiteElo "1975"]
[BlackElo "1692"]

1.e4 c5 2.Nf3 Nc6 3.Nc3 g6 4.d4 cxd4 5.Nxd4 Bg7 6.Be3 d6 7.Qd2 Bd7 8.O-O-O Rc8
9.Kb1 a6 10.Nd5 Nf6 11.f3 h5 12.h4 b5 13.Nxc6 Rxc6 14.Bg5 Nxd5 15.exd5 Rc7
16.Bd3 Qc8 17.Rhe1 Bf5 18.Bxf5 Qxf5 19.g4 hxg4 20.fxg4 Qxg4 21.Re4 Qxe4 22.Re1 Qd4
23.Qxd4 Bxd4 24.c3 Be5 25.Re4 e6 26.dxe6 fxe6 27.a4 Rf8 28.axb5 axb5 29.Rb4 Rc5
30.c4 Rf1+ 31.Ka2 bxc4 32.Rb8+ Kd7 33.Rb7+ Kc6  0-1

[Event "Indonesia Open 2013"]
[Site "Jakarta INA"]
[Date "2013.10.16"]
[Round "10.36"]
[White "Milliet,S"]
[Black "Batchimeg,Tuvshintugs"]
[Result "1-0"]
[WhiteElo "2399"]
[BlackElo "2376"]

1.e4 c5 2.Nc3 Nc6 3.Bb5 Nd4 4.Nf3 Nxb5 5.Nxb5 g6 6.d4 Bg7 7.e5 d6 8.Nc3 cxd4
9.Qxd4 a6 10.O-O Bf5 11.Qb4 dxe5 12.Qxb7 Qc8 13.Qb3 Rb8 14.Qa4+ Bd7 15.Qa5 f6
16.Nd5 Kf7 17.Nb6 Qc7 18.Be3 Bh6 19.Qxa6 Be6 20.Rad1 Bxe3 21.fxe3 Kg7 22.Nd5 Bxd5
23.Rxd5 Rxb2 24.c4 Nh6 25.Qe6 Re8 26.c5 Nf5 27.Rc1 Qa5 28.Rd7 Qa3 29.Kh1 Qxe3
30.Rdd1 Qf2 31.Rg1 Rd8 32.c6 Rd6 33.Qc4 Ne3 34.Qc5 e4 35.Nd4 Rd5 36.Qxe7+ Kh6
37.Ne6 Nf5 38.Qf8+ Kh5 39.Qxf6 Ng3+ 40.hxg3 Qxf6 41.Nf4+ Kg4 42.Nxd5 Qf8
43.Nf4 Qh6+ 44.Nh3 Qf8 45.Rgf1 Qd6 46.Rf4+ Kxg3 47.Rc3+ Qd3 48.Rxd3+ exd3
49.Rf3+ Kg4 50.Nf2+ Kg5 51.Ne4+ Kg4 52.Rxd3  1-0

[Event "SPICE Cup Open 2013"]
[Site "St Louis USA"]
[Date "2013.10.16"]
[Round "2.16"]
[White "Hendrickson,Nolan R"]
[Black "Chandra,Akshat"]
[Result "1/2-1/2"]
[WhiteElo "2178"]
[BlackElo "2318"]

1.e4 c5 2.Nc3 Nc6 3.Bb5 Na5 4.f4 e6 5.Nf3 a6 6.Be2 d5 7.O-O Nc6 8.d3 Nf6
9.Qe1 Be7 10.Qg3 O-O 11.Ne5 Nd4 12.Bd1 b5 13.exd5 exd5 14.Ne2 Nxe2+ 15.Bxe2 Bd6
16.Bf3 Qc7 17.Bd2 Bb7 18.Rfe1 Rfe8 19.Ng4 Nxg4 20.Qxg4 d4 21.Bxb7 Qxb7 22.Rxe8+ Rxe8
23.Re1 Rxe1+ 24.Bxe1 h5 25.Qxh5 Qe7 26.Bf2 Bxf4 27.Qf3 Bc1 28.b3 Qe6 29.Kf1 f5
30.Qe2 Kf7 31.Qxe6+ Kxe6 32.Ke2 Kd5 33.Be1 c4 34.Bb4 g6 35.h3 cxb3  1/2-1/2

[Event "SPICE Cup Open 2013"]
[Site "St Louis USA"]
[Date "2013.10.17"]
[Round "4.21"]
[White "Nieto,G"]
[Black "Reis,Renan do Carmo"]
[Result "0-1"]
[WhiteElo "1978"]
[BlackElo "2266"]

1.e4 c5 2.Nc3 Nc6 3.Bb5 Nd4 4.Nf3 Nxb5 5.Nxb5 d6 6.d4 Nf6 7.Nc3 cxd4 8.Qxd4 e5
9.Qd3 h6 10.O-O Be7 11.h3 O-O 12.Be3 a6 13.a4 Be6 14.Nd2 d5 15.exd5 Nxd5
16.Nxd5 Qxd5 17.Qxd5 Bxd5 18.c4 Be6 19.b3 f5 20.Nf3 Bf6 21.Rad1 b5 22.Rd6 Rfe8
23.axb5 axb5 24.cxb5 f4 25.Bc5 Bxb3 26.Nd2 Ba4 27.Rb1 e4 28.Nc4 Bc2 29.Rc1 Bd3
30.b6 Bxc4 31.Rxc4 Ra1+ 32.Kh2 e3 33.fxe3 fxe3 34.Rxf6 e2 35.Bb4 Rb1 36.Rf2 e1=Q
37.Bxe1 Rexe1 38.Rc6 Re5 39.Rd2 Reb5 40.Rd8+ Kh7 41.Rb8 R1b2 42.Rb7 Rg5 43.Rcc7 Rbxg2+  0-1

[Event "12th Istanbul Open A 2013"]
[Site "Istanbul TUR"]
[Date "2013.10.18"]
[Round "9.15"]
[White "Romi,I"]
[Black "Caglar,Ahmet Ata"]
[Result "0-1"]
[WhiteElo "1990"]
[BlackElo "1762"]

1.e4 c5 2.Nf3 Nc6 3.Nc3 d6 4.d4 cxd4 5.Nxd4 e5 6.Nb3 Be7 7.Nd5 Nf6 8.Nxe7 Nxe7
9.Bb5+ Bd7 10.Qe2 O-O 11.Bxd7 Qxd7 12.Bg5 Qe6 13.c4 Rac8 14.Rc1 h6 15.Bd2 Nd7
16.Be3 Qg6 17.f3 f5 18.exf5 Nxf5 19.O-O Nf6 20.Qd3 Nh5 21.g4 e4 22.Qxe4 Rce8
23.Qd5+ Kh8 24.Qe4 Kg8 25.Qd5+ Kh8 26.Bd2 Re5 27.Qd3 Nf6 28.h3 h5 29.Kh2 hxg4
30.fxg4 Qh7 31.gxf5 Ng4+ 32.Kg2 Rexf5 33.Rf4 Ne5 34.Qg3 Rxf4 35.Bxf4 Qe4+
36.Kh2 Rxf4 37.Qg2 Qf5 38.Kh1 Rf2 39.Qg3 Rf3 40.Qh4+ Kg8 41.Kg2 Ng6 42.Qg4 Qf6
43.Nd4 Rf4 44.Qc8+ Kh7 45.Rd1 Rf2+ 46.Kg1 Qf4 47.Nf3 Qg3+  0-1

[Event "TCh-Belgrade Premier liga 2013"]
[Site "Belgrade SRB"]
[Date "2013.10.19"]
[Round "8.2"]
[White "Cetkovic,Mi"]
[Black "Stosic,S"]
[Result "1/2-1/2"]
[WhiteElo "2174"]
[BlackElo "2162"]

1.e4 c5 2.Nc3 Nc6 3.Nge2 g6 4.h3 Bg7 5.g4 e5 6.Ng3 Nge7 7.Bg2 d6 8.d3 Rb8
9.Bg5 h6 10.Be3 b5 11.Qd2 b4 12.Nd1 a5 13.O-O a4 14.a3 b3 15.c3 Ba6 16.c4 Nd4
17.Nc3 Qd7 18.Rae1  1/2-1/2

[Event "Guernsey Open 2013"]
[Site "Guernsey GCI"]
[Date "2013.10.20"]
[Round "1"]
[White "Hamperl,F"]
[Black "Downey,K GCI"]
[Result "1-0"]
[WhiteElo "2129"]
[BlackElo "1950"]

1.e4 c5 2.Nc3 Nc6 3.Bb5 Nd4 4.Bc4 e6 5.Nge2 Nf6 6.O-O a6 7.d3 d5 8.Bb3 Nxb3
9.axb3 d4 10.Nb1 Be7 11.Ng3 O-O 12.f4 b5 13.Nd2 Bb7 14.Nf3 Rc8 15.Ne5 Qb6
16.Nh5 Rcd8 17.Bd2 b4 18.Nxf6+ Bxf6 19.Qh5 g6 20.Nc4 Qc7 21.Qg4 Bg7 22.f5 exf5
23.exf5 Bc8 24.Bf4 Qc6 25.Qg3 Bxf5 26.Bd6 Rfe8 27.Ra5 Rxd6 28.Qxd6 Qxd6 29.Nxd6 Re2
30.Nxf5 gxf5 31.Rxc5 Bh6 32.h4 Be3+ 33.Kh2 f4 34.Kh3 Kg7 35.Ra1 f6 36.Rxa6 Bf2
37.Kg4  1-0

[Event "29th ECC Open 2013"]
[Site "Rhodes GRE"]
[Date "2013.10.20"]
[Round "1.5"]
[White "Watson,Colin"]
[Black "Philipowski,R"]
[Result "1/2-1/2"]
[WhiteElo "1926"]
[BlackElo "2298"]

1.e4 c5 2.Nc3 Nc6 3.Bb5 g6 4.Bxc6 bxc6 5.d3 Bg7 6.f4 d6 7.Nf3 Nh6 8.O-O O-O
9.Qe1 f6 10.Bd2 Nf7 11.Qg3 f5 12.e5 dxe5 13.fxe5 Nxe5 14.Nxe5 Qd4+ 15.Be3 Qxe5
16.Qxe5 Bxe5 17.Bxc5 Re8 18.Rfe1 Bf6 19.Re2 Rb8 20.Ba3 Kf7 21.Rae1 e6 22.Nd1 Ba6
23.b3 e5 24.c4 Re6 25.Nf2 Bb7 26.Bc5 a6 27.Kf1 Rd8 28.Bb6 Rc8 29.Bc5 h5 30.Ba3 g5
31.Bb2 Rce8 32.a3 g4 33.b4 h4 34.g3 hxg3 35.hxg3 Kg6 36.Bc1 Kf7 37.Bb2 Bg7
38.Bc3 R8e7 39.Bb2 Re8 40.Bc3 R6e7 41.Bb2 Bf6 42.Bc3 Re6 43.Bb2 R8e7 44.Bc3 Re8  1/2-1/2

[Event "17th Unive Open 2013"]
[Site "Hoogeveen NED"]
[Date "2013.10.21"]
[Round "4.36"]
[White "Van der Veen,Jan"]
[Black "Henseler,J"]
[Result "1-0"]
[WhiteElo "2056"]
[BlackElo "2088"]

1.e4 c5 2.Nc3 Nc6 3.Bb5 Nd4 4.Bc4 g6 5.Nf3 Bg7 6.Nxd4 cxd4 7.Qf3 Nh6 8.d3 O-O
9.Ne2 Ng4 10.Qg3 d6 11.Bb3 a5 12.a4 Nf6 13.f4 Nd7 14.Qf2 Nc5 15.Nxd4 e5 16.Ne2 Nxb3
17.cxb3 d5 18.f5 dxe4 19.dxe4 gxf5 20.exf5 e4 21.Be3 Bxb2 22.Rd1 Qf6 23.O-O Be5
24.Rd5 Ra6 25.Ng3 Bxg3 26.Qxg3+ Qg7 27.Qh4 f6 28.Bh6 Qf7 29.Qg4+ Kh8 30.Bxf8  1-0

[Event "29th ECC Open 2013"]
[Site "Rhodes GRE"]
[Date "2013.10.21"]
[Round "2.5"]
[White "Idrizaj,A"]
[Black "Staub,G"]
[Result "1-0"]
[WhiteElo "2249"]
[BlackElo "2062"]

1.e4 c5 2.Nf3 Nc6 3.Nc3 Nf6 4.d4 cxd4 5.Nxd4 e6 6.Nxc6 bxc6 7.e5 Nd5 8.Ne4 Qc7
9.f4 Qb6 10.Qf3 Nb4 11.Qe2 Ba6 12.c4 O-O-O 13.a3 Qa5 14.Kf2 f5 15.Ng5 Bc5+
16.Kg3 Qa4 17.Nf7 Nc2 18.Rb1 Nd4 19.Qd3 Bxc4 20.Qxc4 Qd1 21.Qxc5 Qe1+ 22.Kh3 Qd1
23.Ba6+  1-0

[Event "17th Unive Open 2013"]
[Site "Hoogeveen NED"]
[Date "2013.10.22"]
[Round "5.28"]
[White "De Jonge,Boris"]
[Black "Vereggen,L"]
[Result "0-1"]
[WhiteElo "2002"]
[BlackElo "2121"]

1.e4 c5 2.Nc3 Nc6 3.Nf3 Nf6 4.d4 cxd4 5.Nxd4 d6 6.Bg5 e6 7.Qd2 a6 8.O-O-O Be7
9.f4 Qc7 10.Nf3 b5 11.Bxf6 gxf6 12.f5 Ne5 13.Nd4 Bd7 14.g3 Nc4 15.Qe1 b4
16.fxe6 fxe6 17.Na4 Bxa4 18.b3 Na3 19.Qxb4 Bd7 20.Qxa3 d5 21.Qb2 e5 22.Nf3 Rc8
23.Bd3 Qa5 24.a4 d4 25.Nd2 Bb4 26.Nc4 Qc5 27.Kb1 Ke7 28.Qc1 Be6 29.Qh6 Rcg8
30.Rdf1 Rg6 31.Qc1 Rb8 32.Ka2 Bc3 33.Qa3 Rb4 34.Rb1 Rg8 35.Nb2 Rgb8 36.Nd1 Bd2
37.Rf1 Kf7 38.Rf2 Bh6 39.Nb2 Rxb3 40.cxb3 Qxa3+ 41.Kxa3 Rxb3+ 42.Ka2 Rxd3+
43.Nc4 Bxc4+ 44.Kb2 Rb3+ 45.Ka1 Ra3+  0-1

[Event "29th ECC Open 2013"]
[Site "Rhodes GRE"]
[Date "2013.10.23"]
[Round "4.21"]
[White "Salihu,S"]
[Black "Weber,T"]
[Result "0-1"]
[WhiteElo "2215"]
[BlackElo "2415"]

1.e4 c5 2.Nf3 Nc6 3.Nc3 g6 4.d4 cxd4 5.Nxd4 Bg7 6.Be3 Nf6 7.Bc4 O-O 8.f3 Qb6
9.Bb3 Nxe4 10.Nd5 Qa5+ 11.c3 Nc5 12.Nxc6 dxc6 13.Nxe7+ Kh8 14.Nxc8 Raxc8
15.O-O Rcd8 16.Qc2 Rfe8 17.Bf2 Kg8 18.Rfe1 Qb5 19.Rad1 Rxd1 20.Qxd1 Rxe1+
21.Bxe1 Qd3 22.Qc2 Bh6 23.Bf2 Be3 24.Qxd3 Bxf2+ 25.Kxf2 Nxd3+ 26.Ke2 Nf4+
27.Kf2 Kf8 28.Bc2 Ke7 29.g3 Nd5 30.Be4 Nb6 31.b3 f5 32.Bc2 Kd6 33.Ke3 Nd5+
34.Kd4 c5+ 35.Kd3 f4 36.Kd2 b6 37.Be4 fxg3 38.hxg3 Nf6 39.Ke3 Ke6 40.Kf4 Nh5+
41.Kg4 b5 42.b4 Nf6+ 43.Kg5 Nxe4+ 44.fxe4 c4 45.Kh6 Ke5 46.Kxh7 Kxe4 47.Kxg6 Kd3
48.Kf5 Kxc3 49.g4 Kxb4 50.g5 c3 51.g6 c2 52.g7 c1=Q 53.g8=Q Qc5+ 54.Kf6 Qc6+
55.Ke5 Qc4 56.Qg2 Qc5+ 57.Ke6 Ka3 58.Qd2 b4 59.Kd7 a5 60.Qg2 Qc4 61.Qg5 a4
62.Qe3+ Kxa2 63.Qd2+ Ka3 64.Qd6 Qc3 65.Qe7 Kb2 66.Qe2+ Kc1 67.Ke7 b3 68.Qf1+ Kb2
69.Qf2+ Ka1 70.Qf1+ Ka2 71.Qb5 Qd4 72.Qf5 b2 73.Qc2 Ka1 74.Qd1+ Qxd1  0-1

[Event "8th Herbstopen"]
[Site "Deizisau GER"]
[Date "2013.10.26"]
[Round "1.1"]
[White "Dgebuadze,A"]
[Black "Martin,Julian"]
[Result "1-0"]
[WhiteElo "2521"]
[BlackElo "1936"]

1.e4 c5 2.Nf3 Nc6 3.Nc3 d6 4.Bb5 Bd7 5.Bxc6 Bxc6 6.d4 cxd4 7.Qxd4 Nf6 8.Bg5 Nd7
9.O-O-O Qb6 10.Qd2 g6 11.Be3 Qa5 12.Bd4 Ne5 13.Nxe5 dxe5 14.Be3 e6 15.Bg5 Be7
16.Bxe7 Kxe7 17.Nd5+  1-0

[Event "17th OIBM 2013"]
[Site "Bad Wiessee GER"]
[Date "2013.10.27"]
[Round "3.35"]
[White "Klundt,K"]
[Black "Hein,E"]
[Result "1-0"]
[WhiteElo "2340"]
[BlackElo "2096"]

1.e4 c5 2.Nf3 Nc6 3.Nc3 g6 4.d4 cxd4 5.Nxd4 Bg7 6.Be3 Nf6 7.Bc4 O-O 8.Bb3 d6
9.h3 Bd7 10.O-O a6 11.Re1 Na5 12.Qd2 Rc8 13.Bh6 Nc4 14.Bxc4 Rxc4 15.Bxg7 Kxg7
16.Rad1 Qa5 17.f4 e5 18.Nb3 Qb6+ 19.Kh2 exf4 20.Qxf4 d5 21.Nxd5 Nxd5 22.Rxd5 Be6
23.Rd6 Qc7 24.Nd4 Kg8 25.c3 Bc8 26.Qf6 Re8 27.e5 Rc5 28.Kg1 Qe7 29.Qxe7 Rxe7
30.Kf2 Kg7 31.Nf3 Be6 32.a3 a5 33.Nd4 Bc4 34.e6 fxe6 35.Nxe6+ Bxe6 36.Rexe6 Rf7+
37.Kg1 Rcf5 38.Rd2 Rf1+ 39.Kh2 R1f5 40.Red6 Kh6 41.R6d5 a4 42.Kg3 Kg5 43.R2d4 b5
44.Rg4+ Kh6 45.c4 Re7 46.Rxb5 Re3+ 47.Kh2 Rf2 48.Rh4+ Kg7 49.Rb7+ Kf6 50.Rhxh7 Rc2
51.Rb6+ Kf5 52.Rf7+ Kg5 53.Rg7 Rb3  1-0

[Event "17th OIBM 2013"]
[Site "Bad Wiessee GER"]
[Date "2013.10.30"]
[Round "6.23"]
[White "Kurmann,O"]
[Black "Martin Fernandez,R"]
[Result "1-0"]
[WhiteElo "2411"]
[BlackElo "2155"]

1.e4 c5 2.Nf3 Nc6 3.Nc3 g6 4.d4 cxd4 5.Nxd4 Bg7 6.Be3 Nf6 7.Bc4 O-O 8.Bb3 a5
9.O-O a4 10.Nxa4 Nxe4 11.Nb5 Ra6 12.c4 d6 13.Qe2 Nf6 14.h3 Be6 15.Rad1 Qb8
16.Nac3 Na5 17.Nd4 Bd7 18.Bc2 Nc6 19.Ndb5 Be6 20.a3 Ne5 21.b3 Bd7 22.Rfe1 Re8
23.a4 Nc6 24.Qd2 Nb4 25.Bb1 Be6 26.Bg5 Nc6 27.Ne2 Qc8 28.Nf4 Ra8 29.Qe3 Nd8
30.Nd5 Bxd5 31.cxd5 Qd7 32.Qf3 Rc8 33.Bd3 Rc5 34.Bc4 Qf5 35.Qxf5 gxf5 36.Bxf6  1-0